=LDR 00000nam 2200000 4500 =001 INLIS000000000046442 =005 20150319140346.0 =006 =007 =008 =035 ##$$0010-031500000000214 =082 ##$$a 028.5 =090 ##$$a 028.5 $b yus k =100 ##$$a abdul tawwab yusuf $t kambing yang berjasa =245 ##$$a kambing yang berjasa =260 ##$$a jakarta $b gema insani press =300 ##$$a 20 hlm $b illus $c 28 cm =850 ##$$a NPBMAT =990 ##$$a 0001/BPAP-NTB/20142015